Online katalóg knižníc regiónu Turca

Moja rodná : (Record no. 21184)

MARC details
000 -LEADER
fixed length control field 00582nam a22002051 4500
001 - CONTROL NUMBER
control field 21184
003 - CONTROL NUMBER IDENTIFIER
control field CZ PrNK
005 - DATE AND TIME OF LATEST TRANSACTION
control field 20260224140813.0
008 - FIXED-LENGTH DATA ELEMENTS--GENERAL INFORMATION
fixed length control field 010929s1944 xo ||| | slo
040 ## - CATALOGING SOURCE
Original cataloging agency ABA001
Language of cataloging cze
Transcribing agency ABA001
Modifying agency ABA001
100 1# - MAIN ENTRY--PERSONAL NAME
Personal name Kostra, Ján,
Dates associated with a name 1910-1975
Relationship aut
245 10 - TITLE STATEMENT
Title Moja rodná :
Remainder of title básne /
Statement of responsibility, etc. Ján Kostra
250 ## - EDITION STATEMENT
Edition statement 2. vyd.
260 ## - PUBLICATION, DISTRIBUTION, ETC.
Place of publication, distribution, etc. Martin :
Name of publisher, distributor, etc. Matica slovenská,
Date of publication, distribution, etc. 1944
300 ## - PHYSICAL DESCRIPTION
Extent 78 s. ;
Dimensions
490 1# - SERIES STATEMENT
Series statement Knižnica Slovenských pohľadov ;
Volume/sequential designation sv. 57
830 #0 - SERIES ADDED ENTRY--UNIFORM TITLE
Uniform title Knižnica Slovenských pohľadov
910 ## - USER-OPTION DATA (OCLC)
User-option data ABA001
942 ## - ADDED ENTRY ELEMENTS (KOHA)
Source of classification or shelving scheme Dewey Decimal Classification
Koha item type Krásna literatúra pre dospelých
Suppress in OPAC No
Holdings
Stav vyradenia Strata Poškodenie Spôsob nadobudnutia Domovská knižnica Aktuálna knižnica Dátum nadobudnutia Total checkouts Čiarový kód exemplára Date last seen Typ exemplára
      Dar Obecná knižnica Horná Štubňa Obecná knižnica Horná Štubňa 24.02.2026   4736201457 24.02.2026 Krásna literatúra pre dospelých
Projekt je podporený Slovenskou asociáciou knižníc
Prevádzkuje Turčianska knižnica Martin 2026